脳神経のクイズ - Statistics

General Stats
  • This quiz has been taken 21 times
  • The average score is 8 of 12
Answer Stats
脳神経 % Correct
視神経
100%
嗅神経
88%
三叉神経
75%
動眼神経
69%
滑車神経
69%
ⅩⅠ 副神経
69%
顔面神経
63%
迷走神経
63%
外転神経
56%
内耳神経
56%
舌咽神経
56%
ⅩⅡ 舌下神経
56%
No matching quizzes found
Score Distribution
Percent of People with Each Score
Percentile by Number Answered
Your Score History
You have not taken this quiz